[Event "XIII American Continental"]
[Site "Montevideo URU"]
[Date "2018.06.03"]
[Round "3"]
[White "Quintiliano Pinto, Renato Rodrigues"]
[Black "Mekhitarian, Krikor Sevag"]
[Result "1/2-1/2"]
[WhiteElo "2423"]
[BlackElo "2546"]
[EventDate "2018.06.01"]
[PlyCount "110"]

1.e4 e5 2.Nf3 Nc6 3.Bc4 Nf6 4.d3 Bc5 5.O-O O-O 6.h3 d6 7.c3 a5 8.Re1 Be6 
9.Bb5 Ne7 10.d4 Ba7 11.Qc2 Ng6 12.Be3 Nh5 13.Nbd2 Nhf4 14.Bf1 Qe7 15.Kh2 
Bd7 16.a4 Kh8 17.g3 Ne6 18.dxe5 dxe5 19.Bxa7 Rxa7 20.h4 Qf6 21.Bg2 b6 22.
Nc4 Nc5 23.h5 Bg4 24.hxg6 Bxf3 25.Bxf3 Qxf3 26.Kg1 fxg6 27.Nxe5 Qf6 28.Ng4
Qg5 29.Ne3 Raa8 30.Rad1 Rae8 31.Nd5 Ne6 32.Re3 h5 33.Qe2 Rf7 34.Kf1 Ref8 
35.f4 c6 36.Ke1 Qh6 37.Nxb6 h4 38.Nd7 hxg3 39.Nxf8 Nxf4 40.Rd8 Nxe2 41.
Nxg6+ Kh7 42.Rh8+ Kxg6 43.Rxh6+ gxh6 44.Kxe2 Rf2+ 45.Ke1 Rg2 46.Kf1 Rf2+ 
47.Ke1 Rg2 48.Kf1 Rxb2 49.Rxg3+ Kf6 50.Rf3+ Ke5 51.Rf5+ Kxe4 52.Rxa5 Ra2 
53.Rc5 Rxa4 54.Rxc6 Kd3 55.Rxh6 Kxc3 1/2-1/2

[Event "XIII American Continental"]
[Site "Montevideo URU"]
[Date "2018.06.03"]
[Round "3"]
[White "Martinez Alcantara, Jose Eduardo"]
[Black "Slipak, Sergio"]
[Result "1-0"]
[WhiteElo "2539"]
[BlackElo "2420"]
[EventDate "2018.06.01"]
[PlyCount "117"]

1.e4 c5 2.Nf3 Nf6 3.e5 Nd5 4.Nc3 e6 5.Nxd5 exd5 6.d4 d6 7.Bb5+ Nc6 8.O-O 
Be7 9.c4 a6 10.exd6 Qxd6 11.dxc5 Qxc5 12.Be3 Qd6 13.Bxc6+ bxc6 14.cxd5 
Qxd5 15.Qxd5 cxd5 16.Rfd1 Be6 17.Rac1 Bf6 18.Bd4 Bxd4 19.Nxd4 Kd7 20.f4 g6
21.Rc5 Rhc8 22.Ra5 Rab8 23.Rd2 Rb6 24.Kf2 Kd6 25.a3 h5 26.b4 Rc3 27.f5 
gxf5 28.Nxf5+ Ke5 29.Nd4 Ke4 30.Nf3 Rd6 31.h3 Rc8 32.Rc5 Rxc5 33.bxc5 Rd8 
34.Rd4+ Kf5 35.Ra4 Bc8 36.Rb4 Be6 37.Ke3 Kf6 38.Kd4 Rg8 39.Rb2 Ke7 40.Ke5 
f6+ 41.Kd4 Kd7 42.Rb7+ Kc6 43.Rb6+ Kd7 44.Nh4 a5 45.Rd6+ Ke7 46.Ra6 Bc8 
47.Rxa5 Kd7 48.Ra7+ Kc6 49.Rf7 f5 50.a4 Re8 51.Rf6+ Kc7 52.Nxf5 Bxf5 53.
Rxf5 Rg8 54.Kxd5 Rxg2 55.Rf7+ Kc8 56.a5 Rg3 57.a6 Kb8 58.c6 Rxh3 59.Rf8+ 
1-0

[Event "XIII American Continental"]
[Site "Montevideo URU"]
[Date "2018.06.03"]
[Round "3"]
[White "Di Berardino, Diego Rafael"]
[Black "Thavandiran, Shiyam"]
[Result "1/2-1/2"]
[WhiteElo "2525"]
[BlackElo "2417"]
[EventDate "2018.06.01"]
[PlyCount "39"]

1.d4 Nf6 2.c4 e6 3.Nc3 Bb4 4.e3 O-O 5.Bd3 c5 6.Ne2 cxd4 7.exd4 d5 8.cxd5 
Nxd5 9.O-O Nc6 10.Be4 Re8 11.Qb3 Bd6 12.Rd1 h6 13.Nxd5 exd5 14.Bf3 Qb6 15.
Qxd5 Nb4 16.Qh5 Nc2 17.Rb1 Na3 18.Ra1 Nc2 19.Rb1 Na3 20.Ra1 1/2-1/2

[Event "XIII American Continental"]
[Site "Montevideo URU"]
[Date "2018.06.03"]
[Round "3"]
[White "Gemy Vargas, Jose Daniel"]
[Black "Alonso, Salvador"]
[Result "0-1"]
[WhiteElo "2393"]
[BlackElo "2519"]
[EventDate "2018.06.01"]
[PlyCount "62"]

1.e4 c5 2.Nf3 Nc6 3.c3 d5 4.exd5 Qxd5 5.d4 Nf6 6.Na3 e6 7.Nb5 Qd8 8.dxc5 
Bxc5 9.Qxd8+ Kxd8 10.Bf4 Ne4 11.Ng5 Nxg5 12.Bxg5+ f6 13.Be3 Bxe3 14.fxe3 
Ke7 15.Rd1 Bd7 16.Be2 Ne5 17.Nd4 Rhc8 18.g4 Nc4 19.Bxc4 Rxc4 20.h4 Rh8 21.
Rg1 h6 22.Rd2 a5 23.g5 hxg5 24.hxg5 f5 25.Nf3 Re4 26.Kf2 Bc6 27.Rg3 e5 28.
Rd1 f4 29.exf4 exf4 30.Rgg1 Rh3 31.Rd3 Re3 0-1

[Event "XIII American Continental"]
[Site "Montevideo URU"]
[Date "2018.06.03"]
[Round "3"]
[White "Henriquez Villagra, Cristobal"]
[Black "Bick, Gabriel"]
[Result "1/2-1/2"]
[WhiteElo "2518"]
[BlackElo "2391"]
[EventDate "2018.06.01"]
[PlyCount "83"]

1.d4 d5 2.c4 e6 3.Nf3 Nf6 4.e3 Be7 5.Nc3 O-O 6.a3 c5 7.dxc5 dxc4 8.Qc2 
Bxc5 9.Bxc4 a6 10.Bd3 Nbd7 11.b4 Be7 12.Bb2 b5 13.Ne4 Bb7 14.Nxf6+ Nxf6 
15.Rd1 Qc8 16.Qb1 a5 17.Rc1 Qd7 18.Ke2 Rfc8 19.Rxc8+ Qxc8 20.Bxf6 gxf6 21.
Rc1 Qd7 22.Rd1 Qc7 23.Bxh7+ Kf8 24.Be4 axb4 25.Bxb7 Qxb7 26.Qh7 Bc5 27.
axb4 Bxb4 28.Qh4 Bc3 29.Qh6+ Ke7 30.Qf4 b4 31.Qc4 Rc8 32.Qd3 b3 33.Nd2 
Bxd2 34.Rxd2 b2 35.Qa3+ Ke8 36.Qxb2 Qxg2 37.Qd4 Kf8 38.h4 Kg7 39.Qf4 Rh8 
40.Rd4 Qg6 41.Qf3 f5 42.Qf4 1/2-1/2

[Event "XIII American Continental"]
[Site "Montevideo URU"]
[Date "2018.06.03"]
[Round "3"]
[White "De Dovitiis, Alejo"]
[Black "Vera Siguenas, Deivy"]
[Result "1/2-1/2"]
[WhiteElo "2343"]
[BlackElo "2516"]
[EventDate "2018.06.01"]
[PlyCount "111"]

1.e4 c6 2.d4 d5 3.Nc3 dxe4 4.Nxe4 Bf5 5.Ng3 Bg6 6.Nf3 Nd7 7.h4 h6 8.h5 Bh7
9.Bd3 Bxd3 10.Qxd3 e6 11.Bd2 Ngf6 12.O-O-O Be7 13.Qe2 Qb6 14.Ne5 Rd8 15.
Nc4 Qa6 16.Na5 b5 17.Kb1 O-O 18.Ne4 c5 19.Nxc5 Nxc5 20.dxc5 Bxc5 21.Nb3 
Be7 22.g4 Rd5 23.f4 Qa4 24.g5 Qe4 25.Qf2 hxg5 26.fxg5 Ng4 27.Qxa7 Bxg5 28.
Bxg5 Rxg5 29.Rde1 Qh7 30.Qe7 Rxh5 31.Rhg1 Nh6 32.Rd1 Nf5 33.Qc7 Qh6 34.Nc5
Qf6 35.Ne4 Qh4 36.Qe5 Kh8 37.a3 Qh2 38.Qc3 f6 39.Ng3 Nxg3 40.Rxg3 Qe2 41.
Rdg1 Qc4 42.Qf3 Rh2 43.R3g2 Rh7 44.Qb7 g5 45.Qb6 Qd5 46.Re2 e5 47.b3 Kg7 
48.Ree1 Rh2 49.Rd1 Qe4 50.Rd7+ Rf7 51.Qc7 Rxd7 52.Qxd7+ Kh6 53.Qc8 Kg7 54.
Qd7+ Kh6 55.Qc8 Kg7 56.Qd7+ 1/2-1/2

[Event "XIII American Continental"]
[Site "Montevideo URU"]
[Date "2018.06.03"]
[Round "3"]
[White "Morovic Fernandez, Ivan"]
[Black "Santarius, Erik"]
[Result "1-0"]
[WhiteElo "2513"]
[BlackElo "2387"]
[EventDate "2018.06.01"]
[PlyCount "41"]

1.d4 Nf6 2.c4 e6 3.Nc3 Bb4 4.Nf3 b6 5.Qb3 c5 6.Bg5 h6 7.Bh4 Nc6 8.d5 Na5 
9.Qc2 Nxc4 10.e4 Na5 11.O-O-O Bxc3 12.Qxc3 O-O 13.e5 Nxd5 14.Rxd5 g5 15.
Nxg5 hxg5 16.Qg3 f6 17.exf6 exd5 18.Qxg5+ Kf7 19.Qxd5+ Ke8 20.Bc4 d6 21.
Bb5+ 1-0

[Event "XIII American Continental"]
[Site "Montevideo URU"]
[Date "2018.06.03"]
[Round "3"]
[White "Pacheco, Daniel"]
[Black "Hungaski, Robert"]
[Result "1/2-1/2"]
[WhiteElo "2256"]
[BlackElo "2510"]
[EventDate "2018.06.01"]
[PlyCount "120"]

1.Nf3 d5 2.g3 Nf6 3.Bg2 e6 4.O-O Be7 5.b3 c5 6.Bb2 Nc6 7.d3 O-O 8.Nbd2 b6 
9.e4 d4 10.a4 a6 11.Nc4 Bb7 12.Bc1 b5 13.Nce5 Nb4 14.Ng5 Nd7 15.Nxd7 Qxd7 
16.f4 f5 17.Nf3 Bf6 18.e5 Be7 19.Bd2 Nd5 20.Qe2 Bc6 21.axb5 axb5 22.Qf2 b4
23.h3 Qb7 24.Kh2 g6 25.Bh1 Ra3 26.Qg1 Rfa8 27.Rac1 Ra2 28.g4 Rf8 29.gxf5 
Rxf5 30.Ne1 Nc7 31.Nf3 Ne8 32.Qg4 Ng7 33.Nh4 Bxh1 34.Rxh1 Bxh4 35.Qxh4 Rh5
36.Qd8+ Kf7 37.Rhf1 Ra8 38.Qd6 Rc8 39.Ra1 Nf5 40.Qa6 Qd7 41.Qb6 Rc7 42.Ra8
Qe7 43.Rf3 Nh4 44.Rg3 Rb7 45.Qa5 Nf5 46.Rg5 Rxg5 47.fxg5 Ne3 48.Bxe3 dxe3 
49.Rh8 Qxg5 50.Rxh7+ Kg8 51.Qa8+ Kxh7 52.Qxb7+ Kh6 53.Qe4 Kg7 54.h4 Qh5 
55.Kg3 Qe2 56.Qb7+ Kh6 57.Qb8 Qf2+ 58.Kg4 Qf5+ 59.Kg3 Qf2+ 60.Kg4 Qf5+ 
1/2-1/2

[Event "XIII American Continental"]
[Site "Montevideo URU"]
[Date "2018.06.03"]
[Round "3"]
[White "Mesias Rojas, Rabindranath"]
[Black "Flores, Diego"]
[Result "0-1"]
[WhiteElo "2203"]
[BlackElo "2614"]
[EventDate "2018.06.01"]
[PlyCount "72"]

1.d4 d6 2.e4 Nf6 3.Nc3 c6 4.f4 Qa5 5.e5 Ne4 6.Qf3 d5 7.Bd3 f5 8.exf6 exf6 
9.Bxe4 dxe4 10.Qxe4+ Kf7 11.Nf3 Bb4 12.O-O Bxc3 13.bxc3 Bf5 14.Qe3 Re8 15.
Qd2 Kg8 16.a4 Nd7 17.c4 Qxd2 18.Bxd2 Nb6 19.c5 Nc4 20.a5 Bxc2 21.Rac1 Bd3 
22.Rfe1 Rxe1+ 23.Rxe1 Kf7 24.Bc3 Rd8 25.Kf2 Na3 26.Bb2 Nc2 27.Rd1 Bc4 28.
Rc1 Bb3 29.Nd2 Ba4 30.Nc4 Ke6 31.Nd6 Kd5 32.Nxb7 Rb8 33.a6 Nb4 34.Ra1 Nd3+
35.Kg3 Nxb2 36.Ra2 Bb5 0-1

[Event "XIII American Continental"]
[Site "Montevideo URU"]
[Date "2018.06.03"]
[Round "3"]
[White "Varacalli, Francisco"]
[Black "Tristan, Leonardo"]
[Result "1/2-1/2"]
[WhiteElo "2312"]
[BlackElo "2459"]
[EventDate "2018.06.01"]
[PlyCount "67"]

1.e4 Nf6 2.e5 Nd5 3.c4 Nb6 4.d4 d6 5.exd6 exd6 6.Nc3 Be7 7.Bd3 O-O 8.Nge2 
Nc6 9.O-O Bf6 10.b3 Bg4 11.Be3 d5 12.c5 Nc8 13.f3 Be6 14.Qd2 g6 15.g4 Bg7 
16.Bc2 N8e7 17.Rae1 Qd7 18.Bf2 b6 19.cxb6 axb6 20.Nf4 Nb4 21.Bb1 Rac8 22.
a3 Nbc6 23.Ba2 Ra8 24.a4 Nb4 25.Bb1 Rac8 26.Qe2 c5 27.Nb5 Rc6 28.Qd2 Na6 
29.Ba2 Rfc8 30.Rc1 Nb4 31.Bb1 Na6 32.Ba2 Nb4 33.Bb1 Na6 34.Ba2 1/2-1/2

[Event "XIII American Continental"]
[Site "Montevideo URU"]
[Date "2018.06.03"]
[Round "3"]
[White "Dominguez Barreto, Facundo"]
[Black "Escalante Ramirez, Brian Sebastian"]
[Result "0-1"]
[WhiteElo "2141"]
[BlackElo "2422"]
[EventDate "2018.06.01"]
[PlyCount "98"]

1.e4 Nf6 2.e5 Nd5 3.d4 d6 4.c4 Nb6 5.exd6 cxd6 6.Nc3 g6 7.Nf3 Bg7 8.Be2 
O-O 9.h3 Nc6 10.O-O Bf5 11.b3 d5 12.c5 Nd7 13.Bb2 Be4 14.Nxe4 dxe4 15.Ng5 
Nxc5 16.dxc5 Bxb2 17.Rb1 Bg7 18.Qxd8 Rfxd8 19.Nxe4 h6 20.Rfd1 f5 21.Bc4+ 
Kf8 22.Ng3 Nb4 23.Ne2 Be5 24.f4 Bf6 25.Kf2 Nxa2 26.Rxd8+ Rxd8 27.b4 Nc3 
28.Nxc3 Bxc3 29.Rb3 Bd2 30.Be2 Rd4 31.b5 Rxf4+ 32.Bf3 Ba5 33.c6 bxc6 34.
bxc6 Bb6+ 35.Ke2 Rc4 36.Rb5 e6 37.Kd3 Rd4+ 38.Kc3 Rd8 39.Kc4 Ke7 40.Rb1 
Rd4+ 41.Kb5 e5 42.Rc1 Bc7 43.Ra1 a5 44.Kc5 Rb4 45.Rd1 Bb6+ 46.Kd5 Rb5+ 47.
Kc4 Rc5+ 48.Kb3 e4 49.Rd7+ Ke6 0-1

[Event "XIII American Continental"]
[Site "Montevideo URU"]
[Date "2018.06.03"]
[Round "3"]
[White "Granara Barreto, Sebastian"]
[Black "Mareco, Sandro"]
[Result "0-1"]
[WhiteElo "2141"]
[BlackElo "2643"]
[EventDate "2018.06.01"]
[PlyCount "92"]

1.d4 Nf6 2.Bg5 e6 3.Nd2 h6 4.Bh4 d5 5.e3 c5 6.c3 Nc6 7.Ngf3 g5 8.Bg3 Nh5 
9.Bd3 Bg7 10.O-O Nxg3 11.hxg3 Qb6 12.Rb1 Bd7 13.dxc5 Qxc5 14.e4 dxe4 15.
Nxe4 Qe7 16.Bb5 O-O-O 17.Qd6 Be8 18.Qxe7 Nxe7 19.Bxe8 Rhxe8 20.Rfd1 Kc7 
21.Nc5 g4 22.Ne1 Nc6 23.Kf1 b6 24.Ncd3 e5 25.Nc2 h5 26.Ndb4 Nxb4 27.Nxb4 
a5 28.Nd5+ Kc6 29.Ne7+ Kc5 30.Nf5 Bf6 31.Ke2 Bg5 32.Ng7 Rh8 33.Nf5 b5 34.
Rxd8 Rxd8 35.Rd1 Rxd1 36.Kxd1 a4 37.Kc2 Kd5 38.b3 Bd8 39.bxa4 bxa4 40.c4+ 
Kxc4 41.Nd6+ Kd5 42.Nxf7 Bf6 43.Nh6 Ke6 44.f4 exf4 45.gxf4 Bg7 46.f5+ Ke5 
0-1

[Event "XIII American Continental"]
[Site "Montevideo URU"]
[Date "2018.06.03"]
[Round "3"]
[White "Lopez Falcon, Jorge"]
[Black "El Debs, Felipe De Cresce"]
[Result "0-1"]
[WhiteElo "2120"]
[BlackElo "2537"]
[EventDate "2018.06.01"]
[PlyCount "58"]

1.d4 Nf6 2.c4 c5 3.d5 e5 4.Nc3 d6 5.e4 Be7 6.g3 O-O 7.Bg2 Ne8 8.Nge2 g6 9.
O-O Ng7 10.a3 f5 11.b4 Nd7 12.Rb1 Nh5 13.exf5 gxf5 14.f4 b6 15.Qc2 Ng7 16.
Nd1 Bf6 17.Bb2 Qe8 18.Bf3 Rb8 19.b5 h5 20.Kf2 a6 21.bxa6 Bxa6 22.a4 h4 23.
Ne3 hxg3+ 24.hxg3 exf4 25.Nxf4 Bd4 26.Rbe1 Ne5 27.Bxd4 cxd4 28.Nd1 Qc8 29.
Ne6 Qxc4 0-1

[Event "XIII American Continental"]
[Site "Montevideo URU"]
[Date "2018.06.03"]
[Round "3"]
[White "Mafra, Kaiser Luiz"]
[Black "Soto Vega, Jorge"]
[Result "0-1"]
[WhiteElo "2116"]
[BlackElo "2357"]
[EventDate "2018.06.01"]
[PlyCount "104"]

1.c4 Nf6 2.g3 g6 3.Bg2 Bg7 4.Nc3 O-O 5.Nf3 d6 6.O-O Nc6 7.Rb1 a5 8.a3 Nh5 
9.d4 Bg4 10.h3 Bd7 11.e4 f5 12.e5 Kh8 13.e6 Be8 14.d5 Na7 15.a4 c6 16.Qb3 
b5 17.axb5 cxb5 18.Nxb5 Nxb5 19.cxb5 Rb8 20.Rd1 Bxb5 21.Qa3 Qb6 22.Be3 Qa6
23.Bd4 Nf6 24.Nd2 Bh6 25.f4 Kg8 26.Ra1 a4 27.Rdc1 Rbc8 28.b3 Nh5 29.bxa4 
Bd3 30.Nf1 g5 31.Rxc8 Rxc8 32.Rc1 Rxc1 33.Qxc1 gxf4 34.Qc6 Kf8 35.Qc7 Qxa4
36.Qc8+ Qe8 37.Qc3 Bxf1 38.Bxf1 Nxg3 39.Bf2 Bg7 40.Qc2 Be5 41.Bxg3 Qg6 42.
Kh1 fxg3 43.Bd3 h5 44.Kg2 Qg5 45.Bxf5 Kg7 46.Bh7 Qh6 47.Bd3 Bd4 48.Qe2 Bf6
49.Be4 Qc1 50.Qxh5 Qd2+ 51.Kxg3 Be5+ 52.Kh4 Qf2+ 0-1

[Event "XIII American Continental"]
[Site "Montevideo URU"]
[Date "2018.06.03"]
[Round "3"]
[White "Izquierdo, Daniel"]
[Black "Colas, Joshua"]
[Result "1/2-1/2"]
[WhiteElo "2078"]
[BlackElo "2285"]
[EventDate "2018.06.01"]
[PlyCount "96"]

1.d4 Nf6 2.c4 e6 3.g3 d5 4.Bg2 dxc4 5.Qa4+ Nc6 6.Nf3 Bb4+ 7.Bd2 Qd6 8.a3 
Bxd2+ 9.Nbxd2 O-O 10.Qxc4 Rd8 11.O-O Nxd4 12.Nxd4 Qxd4 13.Rfd1 Qxc4 14.
Nxc4 Rxd1+ 15.Rxd1 Kf8 16.Rd8+ Ke7 17.Rh8 h6 18.Na5 c6 19.b4 Nd5 20.e4 Nc7
21.e5 Nd5 22.Nc4 Nb6 23.Nd6 Bd7 24.Rxa8 Nxa8 25.Nxb7 f6 26.Na5 fxe5 27.
Bxc6 Nb6 28.Kg2 Bc8 29.Kf3 Kd6 30.Kg4 Nd5 31.Bb5 Nf6+ 32.Kf3 e4+ 33.Ke2 e5
34.h4 Kd5 35.Ba4 Bd7 36.Bxd7 Nxd7 37.b5 Kc5 38.a4 Nb6 39.Nc6 Nxa4 40.Nxa7 
Kd5 41.Kd2 Nb6 42.Nc6 Nc4+ 43.Ke2 Nd6 44.Na7 Nc4 45.Nc8 Ke6 46.h5 Kd7 47.
Na7 Kd6 48.Nc8+ Kd7 1/2-1/2

[Event "XIII American Continental"]
[Site "Montevideo URU"]
[Date "2018.06.03"]
[Round "3"]
[White "Kimelman Bercovici, Gabriel"]
[Black "Saralegui, Mario"]
[Result "1/2-1/2"]
[WhiteElo "2279"]
[BlackElo "2069"]
[EventDate "2018.06.01"]
[PlyCount "110"]

1.c4 e6 2.g3 d5 3.Bg2 Nf6 4.d4 Bb4+ 5.Bd2 Be7 6.Nf3 O-O 7.b3 c5 8.cxd5 
exd5 9.O-O Nc6 10.dxc5 Bxc5 11.Nc3 d4 12.Na4 Be7 13.e3 dxe3 14.Bxe3 Bf5 
15.Nd4 Bd7 16.Nxc6 Bxc6 17.Bxc6 bxc6 18.Qxd8 Rfxd8 19.Rac1 Nd5 20.Rxc6 
Nxe3 21.fxe3 Bg5 22.Rc3 Rac8 23.Rf3 Rxc3 24.Nxc3 Rd3 25.Ne4 Rd1+ 26.Kg2 
Bh6 27.g4 g6 28.g5 Bg7 29.Rf2 h6 30.h4 hxg5 31.hxg5 Be5 32.Rd2 Ra1 33.Kf3 
Kg7 34.Rd5 Bc7 35.Rc5 Bb6 36.Rc2 Rf1+ 37.Kg2 Rf5 38.b4 Re5 39.Rc4 Bd8 40.
Kf3 Bxg5 41.a4 Be7 42.b5 f5 43.Nc3 Bc5 44.e4 Bb6 45.Rc6 Kf7 46.Rd6 Bg1 47.
exf5 gxf5 48.a5 Bc5 49.Rc6 Bb4 50.Rc7+ Ke6 51.Ne2 Kd6 52.Rxa7 Rxb5 53.a6 
Bc5 54.Rf7 Ke6 55.Rh7 Ra5 1/2-1/2

[Event "XIII American Continental"]
[Site "Montevideo URU"]
[Date "2018.06.03"]
[Round "3"]
[White "Mosconi, Ariel"]
[Black "Coro, Lucas"]
[Result "0-1"]
[WhiteElo "2073"]
[BlackElo "2269"]
[EventDate "2018.06.01"]
[PlyCount "102"]

1.c4 Nf6 2.Nc3 c5 3.g3 e6 4.Nf3 b6 5.Bg2 Bb7 6.O-O Be7 7.Re1 Ne4 8.Nxe4 
Bxe4 9.d3 Bb7 10.Bd2 O-O 11.Rb1 d6 12.a3 Nd7 13.b4 Qc7 14.Rc1 Bf6 15.Bc3 
Bxc3 16.Rxc3 e5 17.Qc2 f5 18.e3 Rae8 19.Rd1 f4 20.gxf4 exf4 21.e4 Ne5 22.
d4 Ng6 23.d5 Bc8 24.bxc5 bxc5 25.Re1 Bg4 26.Nd2 Ne5 27.f3 Bd7 28.Rb1 Rb8 
29.Rxb8 Rxb8 30.Rb3 Kf7 31.Qc3 Rxb3 32.Nxb3 Ba4 33.Nd2 Qb6 34.Bh3 Qd8 35.
Be6+ Kf8 36.Qb2 Qb6 37.Qc3 g6 38.Kf2 Qd8 39.Ke2 Qg5 40.Kf2 Bd1 41.Kf1 Qh4 
42.h3 Qg3 43.Qa5 Bxf3 44.Qd8+ Kg7 45.Qe7+ Kh6 46.Qf8+ Kh5 47.Nxf3 Qxf3+ 
48.Kg1 Qd1+ 49.Kg2 Qe2+ 50.Kh1 Qf1+ 51.Kh2 Nf3# 0-1

[Event "XIII American Continental"]
[Site "Montevideo URU"]
[Date "2018.06.03"]
[Round "3"]
[White "Larrea, Manuel"]
[Black "Mariani, Daniel Brandao"]
[Result "1/2-1/2"]
[WhiteElo "2268"]
[BlackElo "2055"]
[EventDate "2018.06.01"]
[PlyCount "126"]

1.e4 e6 2.d4 d5 3.Nc3 Nf6 4.e5 Nfd7 5.f4 c5 6.Nf3 Nc6 7.Be3 cxd4 8.Nxd4 
Qb6 9.Qd2 Qxb2 10.Rb1 Qa3 11.Bb5 Nxd4 12.Bxd4 Bb4 13.Rb3 Qa5 14.a3 Be7 15.
f5 exf5 16.Nxd5 Bh4+ 17.g3 Qxd2+ 18.Kxd2 Bd8 19.Re1 O-O 20.Bxd7 Bxd7 21.
Rxb7 Be6 22.Nc7 Bxc7 23.Rxc7 Rfd8 24.Ke3 Rac8 25.Rxc8 Rxc8 26.c3 Rb8 27.
Bxa7 Rb3 28.Ra1 Rxc3+ 29.Kd2 Rc6 30.a4 Kf8 31.a5 Ke7 32.Bd4 Bc8 33.Rb1 Ke6
34.Rb8 Kd5 35.Ke3 g5 36.Rb5+ Kc4 37.Rb1 Kd5 38.Rb5+ Kc4 39.Rb1 Kd5 40.Rd1 
Ke6 41.Rd2 Ba6 42.Bb2 h6 43.Rd8 Ke7 44.Ra8 Ke6 45.Rh8 Kd5 46.Rd8+ Ke6 47.
Bd4 Ke7 48.Ra8 Bc8 49.Bb6 Ke6 50.Kd4 f4 51.gxf4 gxf4 52.Ke4 Rxb6 53.Rxc8 
Rb4+ 54.Kf3 Kxe5 55.Rc5+ Ke6 56.Rh5 Ra4 57.Rxh6+ Ke5 58.a6 Ra3+ 59.Kg2 f6 
60.Rh5+ Ke4 61.Rb5 Rxa6 62.Rb4+ Ke5 63.Rb5+ Ke4 1/2-1/2

[Event "XIII American Continental"]
[Site "Montevideo URU"]
[Date "2018.06.03"]
[Round "3"]
[White "Andrade, Roberto Luiz Costa"]
[Black "Cimer, Emanuel"]
[Result "1/2-1/2"]
[WhiteElo "2060"]
[BlackElo "2262"]
[EventDate "2018.06.01"]
[PlyCount "114"]

1.e4 c5 2.Nf3 d6 3.Bb5+ Bd7 4.Bxd7+ Qxd7 5.O-O Nc6 6.c3 Nf6 7.Qe2 g6 8.d4 
cxd4 9.cxd4 Bg7 10.Nc3 O-O 11.h3 Rac8 12.Be3 d5 13.exd5 Nxd5 14.Rac1 Rfd8 
15.Ne4 b6 16.Rfd1 h6 17.Ned2 Qe6 18.Nb3 g5 19.Re1 Rc7 20.Qb5 Qd7 21.Bd2 e6
22.Qe2 Rdc8 23.Kh2 Ncb4 24.Bxb4 Nxb4 25.a3 Nd5 26.g3 Qa4 27.Qd3 Ne7 28.
Rxc7 Rxc7 29.Rc1 Rxc1 30.Nxc1 Qc6 31.Ne2 Qd6 32.Kg2 Nc6 33.Qe4 f5 34.Qe3 
Kf7 35.g4 f4 36.Qe4 Qd5 37.Qh7 Kf8 38.Qd3 Ne7 39.Qc2 Qc6 40.Qd3 Kf7 41.Kh2
Qd6 42.Nc3 Kg8 43.Kg2 Kf7 44.Nb5 Qd7 45.Nc3 Nc6 46.Ne2 Kf8 47.Qe4 Qd5 48.
Qd3 Ne5 49.Qc3 Ng6 50.Kh2 Qe4 51.Neg1 Kg8 52.Qc8+ Kh7 53.Qc7 e5 54.dxe5 
Nxe5 55.Nxe5 Qxe5 56.Qc2+ Kg8 57.Qc8+ Kh7 1/2-1/2

[Event "XIII American Continental"]
[Site "Montevideo URU"]
[Date "2018.06.03"]
[Round "3"]
[White "Okamura, Milton Kasuo"]
[Black "Kapitanchuk, Tomas"]
[Result "0-1"]
[WhiteElo "2050"]
[BlackElo "2253"]
[EventDate "2018.06.01"]
[PlyCount "86"]

1.d4 Nf6 2.c4 c5 3.d5 e6 4.Nc3 exd5 5.cxd5 d6 6.e4 g6 7.h3 Bg7 8.Nf3 a6 9.
a4 Nbd7 10.Bd3 Nh5 11.O-O Ne5 12.Be2 Nxf3+ 13.Bxf3 Qh4 14.Bxh5 gxh5 15.Qd3
Rg8 16.Ne2 Bxh3 17.Ra3 Bxg2 18.Kxg2 Bxb2+ 19.Ng3 Bxa3 20.Bxa3 Qg4 21.Qf3 
h4 22.Qxg4 Rxg4 23.Kf3 hxg3 24.Kxg4 g2 25.Rg1 b5 26.f4 b4 27.Bb2 c4 28.
Rxg2 c3 29.Ba1 Rc8 30.Kf3 Ke7 31.Rc2 f5 32.Rc1 Rc4 33.exf5 Kf6 34.Kg4 h5+ 
35.Kf3 Kxf5 36.Ke3 Rxf4 37.a5 Ke5 38.Rg1 Rg4 39.Rh1 h4 40.Rd1 Re4+ 41.Kf3 
Rd4 42.Rg1 Kxd5 43.Ke3 Kc4 0-1

[Event "XIII American Continental"]
[Site "Montevideo URU"]
[Date "2018.06.03"]
[Round "3"]
[White "Jodorcovsky Werjivker, Paulo"]
[Black "Pomar, Marcelo Nascimento"]
[Result "1-0"]
[WhiteElo "2249"]
[BlackElo "2037"]
[EventDate "2018.06.01"]
[PlyCount "115"]

1.d4 Nf6 2.c4 e6 3.Nc3 Bb4 4.e3 O-O 5.Ne2 c6 6.a3 Ba5 7.Qc2 d5 8.Ng3 Nbd7 
9.Be2 e5 10.O-O Re8 11.Bd2 Bb6 12.cxd5 cxd5 13.dxe5 Nxe5 14.Na4 Bc7 15.
Rac1 Bb8 16.Rfd1 h5 17.h3 h4 18.Nf5 Ng6 19.Bc3 Ne4 20.Nd4 Qd6 21.Nf3 Ng5 
22.Rd4 Bd7 23.Kf1 Ne4 24.Bb4 Qe6 25.Nc5 Nxc5 26.Bxc5 Bc6 27.Rg4 Qf6 28.Bd4
Qe7 29.Bd3 Ne5 30.Bh7+ Kf8 31.Qc3 Bb5+ 32.Kg1 Nxf3+ 33.gxf3 f6 34.Bg6 f5 
35.Bxf5 Be5 36.Bg6 Bd7 37.Bxe5 Bxg4 38.Bxe8 Bxh3 39.Kh2 Rxe8 40.Bxg7+ Qxg7
41.Qxg7+ Kxg7 42.Kxh3 Re7 43.Rd1 Rd7 44.Kxh4 Kf6 45.Kg4 Ke6 46.f4 Rg7+ 47.
Kf3 Rd7 48.Ke2 Rh7 49.Rg1 a6 50.Rg6+ Kd7 51.a4 Rh1 52.a5 Ra1 53.b4 Ra2+ 
54.Kf3 Ra3 55.Rb6 d4 56.Ke2 d3+ 57.Kd2 Kc7 58.f3 1-0

[Event "XIII American Continental"]
[Site "Montevideo URU"]
[Date "2018.06.03"]
[Round "3"]
[White "Caceres Vasquez, Sergio"]
[Black "Betaneli, Alexander"]
[Result "0-1"]
[WhiteElo "2041"]
[BlackElo "2246"]
[EventDate "2018.06.01"]
[PlyCount "110"]

1.d4 d5 2.c4 e6 3.Nc3 Be7 4.Bf4 Nf6 5.e3 O-O 6.Nf3 Nbd7 7.c5 Ne4 8.Qc2 f5 
9.Nb5 c6 10.Nc7 e5 11.Nxa8 exf4 12.exf4 Ndf6 13.Bd3 Qa5+ 14.Ke2 Ng4 15.
Rhf1 Be6 16.h3 Nh6 17.a3 Rxa8 18.Rfe1 Qc7 19.g3 Nf7 20.Kf1 Re8 21.h4 g6 
22.Kg2 Bf8 23.Ne5 Nf6 24.f3 Nh5 25.Rh1 Nd8 26.b4 Bc8 27.Rab1 Ne6 28.Qc3 
Bg7 29.Rbd1 Nhxf4+ 30.gxf4 Nxf4+ 31.Kf2 Rxe5 32.dxe5 Bxe5 33.Qc2 Nh5 34.
Bf1 Bg3+ 35.Kg1 Bxh4 36.Qh2 Bg3 37.Qe2 Kf7 38.Rxh5 gxh5 39.f4 Qxf4 40.
Qxh5+ Kg7 41.Bg2 Bf2+ 42.Kh1 Be6 43.Rf1 Qh4+ 44.Qxh4 Bxh4 45.Bh3 Kf6 46.
Kg2 Ke5 47.Kf3 d4 48.Rg1 Bd5+ 49.Ke2 Bc4+ 50.Kf3 h6 51.Rd1 Bf7 52.Bxf5 
Kxf5 53.Rxd4 Bd5+ 54.Ke2 Bf6 55.Rd1 h5 0-1

[Event "XIII American Continental"]
[Site "Montevideo URU"]
[Date "2018.06.03"]
[Round "3"]
[White "Vergara Jofre, Felipe"]
[Black "Soto, Nicolas"]
[Result "1-0"]
[WhiteElo "2245"]
[BlackElo "2011"]
[EventDate "2018.06.01"]
[PlyCount "73"]

1.e4 e6 2.d4 d5 3.e5 c5 4.c3 Nc6 5.Nf3 Qb6 6.a3 c4 7.Nbd2 Na5 8.Rb1 Qc7 9.
b4 cxb3 10.Nxb3 Nc4 11.Nbd2 Nxd2 12.Bxd2 Bd7 13.Qb3 Bc6 14.Bd3 Ne7 15.O-O 
Nc8 16.c4 dxc4 17.Bxc4 Qd7 18.d5 exd5 19.Bd3 Be7 20.Nd4 O-O 21.Bf5 Qd8 22.
Qh3 g6 23.Bh6 Re8 24.e6 f6 25.Rb3 Bf8 26.Bxf8 Rxf8 27.Bxg6 Qc7 28.Rg3 Kh8 
29.Qh6 Qg7 30.Qh5 Nd6 31.Bf7 Rxf7 32.Rxg7 Rxg7 33.Rc1 Rg6 34.g3 Nc4 35.Re1
Ne5 36.Rxe5 fxe5 37.Qxe5+ 1-0

[Event "XIII American Continental"]
[Site "Montevideo URU"]
[Date "2018.06.03"]
[Round "3"]
[White "Torella, Rodolfo"]
[Black "Carbone, Diego"]
[Result "1-0"]
[WhiteElo "2016"]
[BlackElo "2242"]
[EventDate "2018.06.01"]
[PlyCount "81"]

1.e4 c5 2.Nf3 d6 3.d4 cxd4 4.Nxd4 Nf6 5.f3 e5 6.Bb5+ Nbd7 7.Nf5 d5 8.exd5 
a6 9.Be2 Nb6 10.Ne3 Nbxd5 11.c4 Nf4 12.Qxd8+ Kxd8 13.Nc3 Bc5 14.g3 Bxe3 
15.Bxe3 Ng2+ 16.Kf2 Nxe3 17.Kxe3 Be6 18.Rhd1+ Ke7 19.Na4 b5 20.Nb6 Rad8 
21.c5 Rxd1 22.Rxd1 Rb8 23.a3 Ne8 24.b4 Nc7 25.Ke4 f6 26.f4 exf4 27.Kxf4 
g5+ 28.Ke3 f5 29.Bf3 Rf8 30.Nd5+ Nxd5+ 31.Bxd5 Rd8 32.Bf3 Rxd1 33.Bxd1 Bd5
34.Kd4 Ke6 35.Bc2 f4 36.gxf4 gxf4 37.Bxh7 Bg2 38.Be4 Bh3 39.Bb7 Kd7 40.Ke5
Kc7 41.Bd5 1-0

[Event "XIII American Continental"]
[Site "Montevideo URU"]
[Date "2018.06.03"]
[Round "3"]
[White "Benoit, Rodrigo"]
[Black "Chang, Suzana"]
[Result "1-0"]
[WhiteElo "2238"]
[BlackElo "1994"]
[EventDate "2018.06.01"]
[PlyCount "59"]

1.Nf3 Nf6 2.c4 c5 3.Nc3 b6 4.g3 Bb7 5.Bg2 g6 6.O-O Bg7 7.d4 cxd4 8.Qxd4 
Nc6 9.Qd3 O-O 10.e4 d6 11.Bd2 Rc8 12.b3 Nd7 13.Rad1 Nde5 14.Nxe5 dxe5 15.
Qb1 Qc7 16.Be3 Rcd8 17.Qb2 h6 18.Qa3 Qb8 19.c5 Nd4 20.cxb6 axb6 21.Qxe7 
Rd6 22.Qh4 Rfd8 23.Kh1 g5 24.Qh5 Qa8 25.f4 Qa5 26.Na4 Bc6 27.Bd2 Qa6 28.
Bb4 R6d7 29.Rc1 Bxa4 30.bxa4 1-0